000
00301nam a2200121Ia 4500
008
220204s9999 xx 000 0 und d
082
_a
634.774
_b
CHA
100
_a
Chandha, K L
245
0
_a
Pineapple
260
_a
New Delhi
_b
Indian Council of Agricultural Research
_c
19
490
_a
98
942
_c
BK
999
_c
41789
_d
41789